[Event "FRA-ch op-A"]
[Site "Le Grand Bornand"]
[Date "2003.??.??"]
[Round "4"]
[White "Barbet, Loic"]
[Black "Poirier, Benoit"]
[Result "1-0"]
[WhiteElo "1910"]
[BlackElo "1730"]
[PlyCount "63"]
[EventDate "2003.??.??"]
[EventType "swiss"]
[EventRounds "9"]
[EventCountry "FRA"]
[SourceTitle "EXT 2004"]
[Source "ChessBase"]
[SourceDate "2003.11.25"]
[SourceVersion "1"]
[SourceVersionDate "2003.11.25"]
[SourceQuality "1"]

1. e4 c5 2. Nf3 d6 3. d4 cxd4 4. Nxd4 Nf6 5. Nc3 a6 6. Be2 e6 7. Bg5 Be7 8. Qd2 Nbd7 9. f4 Nc5 10. Bf3 0-0 11. g4 e5 12. Nf5 Bxf5 13. gxf5 Ne8 14. Bxe7 Qxe7 15. 0-0-0 Rd8 16. Rhg1 Nc7 17. Rg4 b5 18. Rdg1 f6 19. Nd5 Nxd5 20. Qxd5+ Kh8 21. Rxg7 Qxg7 22. Rxg7 Kxg7 23. fxe5 fxe5 24. b4 Na4 25. Qb7+ Rf7 26. Qxa6 Nc3 27. Qb6 Rfd7 28. Qg1+ Kf6 29. Qe3 Rc8 30. Qh6+ Ke7 31. Qg5+ Kf8 32. Qf6+ 1-0

[Event "FRA-ch op-C"]
[Site "Val d'Isere"]
[Date "2002.08.??"]
[Round "4.3"]
[White "Poirier, Benoit"]
[Black "Wolfangel, Claude"]
[Result "0-1"]
[WhiteElo "1610"]
[BlackElo "1680"]
[PlyCount "140"]
[EventDate "2002.08.20"]
[EventType "swiss"]
[EventRounds "11"]
[EventCountry "FRA"]
[SourceTitle "EXT 2003"]
[Source "ChessBase"]
[SourceDate "2002.11.25"]
[SourceVersion "1"]
[SourceVersionDate "2002.11.25"]
[SourceQuality "1"]

1. e4 e6 2. d4 d5 3. Nc3 Bb4 4. e5 c5 5. a3 Bxc3+ 6. bxc3 Qc7 7. Be3 cxd4 8. Bxd4 a6 9. Bd3 Nc6 10. Ne2 Nxe5 11. f4 Nxd3+ 12. Qxd3 f6 13. Qg3 Nh6 14. 0-0 Nf5 15. Qf3 Bd7 16. Rfe1 0-0-0 17. Bf2 Bc6 18. Bd4 Nd6 19. Qe3 Qf7 20. Nc1 e5 21. fxe5 fxe5 22. Qxe5 Rhe8 23. Qg3 Rxe1+ 24. Qxe1 Re8 25. Qg3 g6 26. Nd3 Nf5 27. Qf2 Qe7 28. Bc5 Qe2 29. Re1 Qxf2+ 30. Kxf2 Rxe1 31. Nxe1 Kd7 32. Nd3 Ke6 33. g3 Ba4 34. Ne1 Ke5 35. Kf3 Nd6 36. Bxd6+ Kxd6 37. Ke3 Kc5 38. Kd3 Bb5+ 39. Kd2 Bf1 40. Nd3+ Kb5 41. Kc1 Kc4 42. Nf4 g5 43. Ne6 h6 44. Kb2 Bh3 45. Nd8 b5 46. Nf7 Be6 47. Ne5+ Kc5 48. Nd3+ Kd6 49. Kb3 a5 50. Kb2 Bf5 51. Kc1 Bxd3 52. cxd3 Kc5 53. d4+ Kc4 54. Kc2 g4 55. Kb2 b4 56. cxb4 axb4 57. a4 Kxd4 58. a5 Kc5 59. a6 Kb6 60. a7 Kxa7 61. Kb3 Kb6 62. Kxb4 Kc6 63. Kc3 Kc5 64. Kd3 d4 65. Kd2 Kc4 66. Kc2 d3+ 67. Kd1 Kc3 68. Kc1 d2+ 69. Kd1 Kd3 70. h4 gxh3 0-1